[Event "Gilan Friendship Cup"]
[Site "Gilan"]
[Date "2014.12.05"]
[Round "8"]
[White "Bolourifar, Alireza"]
[Black "Samsam, Farhad"]
[Result "0-1"]
[WhiteElo "1800"]
[BlackElo "2032"]
[PlyCount "136"]
[EventDate "2014.11.30"]
[EventType "swiss"]
[EventRounds "9"]
[EventCountry "IRI"]
[SourceTitle "CBM 163 Extra"]
[Source "ChessBase"]
[SourceDate "2014.12.23"]
[SourceVersion "1"]
[SourceVersionDate "2014.12.23"]
[SourceQuality "1"]

1. d4 Nf6 2. Nf3 e6 3. g3 Be7 4. c4 d6 5. Nc3 c6 6. Bg2 Qc7 7. 0-0 Nbd7 8. e4 e5 9. h3 Nf8 10. Be3 Bd7 11. Rc1 Ng6 12. dxe5 dxe5 13. Qb3 h6 14. Rfd1 0-0 15. Rd3 Qc8 16. Kh2 b6 17. Rcd1 Be6 18. a4 b5 19. Qc2 Bxc4 20. R3d2 Qe6 21. Ra1 Bb3 22. Qb1 b4 23. Ne2 a5 24. Ne1 Rfd8 25. Nd3 Bc4 26. Qd1 Bxd3 27. Rxd3 Qc4 28. Nc1 c5 29. b3 Qa6 30. Bf1 Qc6 31. f3 Nf8 32. Ra2 Ne6 33. Rc2 Qb6 34. Ne2 Nd4 35. Bxd4 cxd4 36. Qc1 Qe6 37. Rc6 Qd7 38. Rc7 Qe8 39. Rd2 Bd6 40. Rc4 Bf8 41. g4 Nh7 42. Ng3 g6 43. h4 Be7 44. Kh3 Bf6 45. Bd3 Qe7 46. Rc7 Rd7 47. Rxd7 Qxd7 48. Rc2 Qd8 49. h5 Bg5 50. Qd1 Bf4 51. hxg6 fxg6 52. Rc6 Nf8 53. Qc2 h5 54. Bc4+ Kh8 55. Bd5 hxg4+ 56. fxg4 Ra7 57. Rc8 Rh7+ 58. Nh5 Qf6 59. Qc5 Rxh5+ 60. gxh5 Bh6 61. hxg6 Qf3+ 62. Kh2 Bf4+ 63. Kg1 Qg3+ 64. Kf1 Qh3+ 65. Ke1 Qh1+ 66. Ke2 d3+ 67. Kxd3 Qd1+ 68. Kc4 Qe2# 0-1

[Event "Gilan Friendship Cup"]
[Site "Gilan"]
[Date "2014.12.04"]
[Round "6"]
[White "Samsam, Farhad"]
[Black "Jahedi, Mani"]
[Result "1-0"]
[WhiteElo "2032"]
[BlackElo "1729"]
[PlyCount "139"]
[EventDate "2014.11.30"]
[EventType "swiss"]
[EventRounds "9"]
[EventCountry "IRI"]
[SourceTitle "CBM 163 Extra"]
[Source "ChessBase"]
[SourceDate "2014.12.23"]
[SourceVersion "1"]
[SourceVersionDate "2014.12.23"]
[SourceQuality "1"]

1. d4 d5 2. c4 e6 3. Nf3 Nf6 4. Nc3 Be7 5. Bg5 c6 6. e3 0-0 7. Bd3 Nbd7 8. 0-0 Re8 9. Qc2 Nf8 10. Rad1 Nh5 11. Bxe7 Qxe7 12. Rfe1 f5 13. Ne5 Nd7 14. f4 Nhf6 15. cxd5 cxd5 16. Bb5 Rf8 17. Bxd7 Bxd7 18. Qb3 b6 19. g3 g6 20. Rd2 Kg7 21. Rc1 Rac8 22. Rdc2 Rfe8 23. Nb5 Rxc2 24. Rxc2 Bxb5 25. Qxb5 Qb7 26. Qc6 Qxc6 27. Rxc6 Re7 28. Rc8 Rb7 29. Kf2 Nd7 30. Nc6 Nf6 31. Ke2 Ne4 32. Ra8 a5 33. Rb8 Rxb8 34. Nxb8 Nd6 35. Nd7 Nc8 36. Kd3 Kf7 37. Ne5+ Ke7 38. Nf3 Nd6 39. Ng5 h6 40. Nf3 Nf7 41. Kc3 Kd6 42. b4 Kc6 43. bxa5 bxa5 44. Kb3 Kb5 45. Ne1 Nd6 46. Nd3 a4+ 47. Kc3 Nc4 48. Nc5 Nxe3 49. Nxe6 Nf1 50. Nf8 Nxh2 51. Nxg6 Nf1 52. g4 Ne3 53. g5 hxg5 54. fxg5 Ng2 55. Ne7 Nf4 56. g6 Nh5 57. Nxf5 Nf6 58. Ne7 Nh5 59. a3 Ng7 60. Nxd5 Kc6 61. Kc4 Kd6 62. Nf4 Kc6 63. Kb4 Kd7 64. Kxa4 Ke7 65. Kb5 Kf6 66. a4 Ne8 67. Kc6 Ng7 68. a5 Nf5 69. Kc5 Ne7 70. Nd5+ 1-0

[Event "Rasht Baran Cup 7th 		  "]
[Site "Rasht"]
[Date "2014.06.24"]
[Round "4"]
[White "Samsam, Farhad"]
[Black "Khadem Erfani, Sobhan"]
[Result "1-0"]
[WhiteElo "2043"]
[BlackElo "1626"]
[PlyCount "111"]
[EventDate "2014.06.22"]
[EventType "swiss"]
[EventRounds "9"]
[EventCountry "IRI"]
[SourceTitle "CBM 161 Extra"]
[Source "ChessBase"]
[SourceDate "2014.08.29"]
[SourceVersion "1"]
[SourceVersionDate "2014.08.29"]
[SourceQuality "1"]

1. d4 d5 2. c4 e6 3. Nf3 c5 4. e3 Nf6 5. Nc3 Nc6 6. Be2 Be7 7. 0-0 0-0 8. a3 cxd4 9. exd4 dxc4 10. Bxc4 a6 11. d5 exd5 12. Nxd5 Nxd5 13. Bxd5 Bf6 14. Qb3 Nd4 15. Nxd4 Bxd4 16. Be3 Bxe3 17. fxe3 Be6 18. Bxe6 fxe6 19. Rxf8+ Qxf8 20. Qxe6+ Qf7 21. Qxf7+ Kxf7 22. Rc1 Kf6 23. Rc7 b5 24. Kf2 Rd8 25. Rc6+ Ke5 26. Ke2 Ra8 27. Rc7 g5 28. Rc5+ Kf6 29. b4 h5 30. h4 gxh4 31. Rxh5 Rc8 32. Rxh4 Rc2+ 33. Kf3 Kg5 34. Rd4 Rc6 35. Rd5+ Kg6 36. g4 Re6 37. Kf4 Rc6 38. e4 Kf6 39. Rf5+ Kg7 40. Rc5 Rf6+ 41. Ke3 Rg6 42. g5 Rd6 43. Rd5 Rc6 44. e5 Rc3+ 45. Rd3 Rc6 46. Rd7+ Kf8 47. Ke4 Rc3 48. Rd3 Rc4+ 49. Kf5 Rc6 50. Rd8+ Kg7 51. Rd7+ Kf8 52. Ra7 Rc1 53. Rxa6 Rf1+ 54. Ke6 Rg1 55. Ra5 Rxg5 56. Kf6 1-0

[Event "Rasht Baran Cup 7th 		  "]
[Site "Rasht"]
[Date "2014.06.23"]
[Round "3"]
[White "Kouchaki Penchah, Jaber"]
[Black "Samsam, Farhad"]
[Result "0-1"]
[WhiteElo "1806"]
[BlackElo "2043"]
[PlyCount "134"]
[EventDate "2014.06.22"]
[EventType "swiss"]
[EventRounds "9"]
[EventCountry "IRI"]
[SourceTitle "CBM 161 Extra"]
[Source "ChessBase"]
[SourceDate "2014.08.29"]
[SourceVersion "1"]
[SourceVersionDate "2014.08.29"]
[SourceQuality "1"]

1. e4 e6 2. d4 d5 3. Nd2 dxe4 4. Nxe4 Bd7 5. Bd3 Bc6 6. Nf3 Nd7 7. 0-0 Be7 8. c3 Ngf6 9. Ng3 Bxf3 10. Qxf3 c6 11. Bc2 0-0 12. Bg5 Re8 13. Rad1 Qa5 14. Bxf6 Nxf6 15. a4 Rad8 16. Ne4 Nxe4 17. Qxe4 g6 18. Rfe1 Qb6 19. b3 Bf8 20. h4 Qa5 21. Qf3 Bg7 22. b4 Qc7 23. a5 h5 24. Bb3 Rd6 25. Re2 Qd8 26. g3 a6 27. Kg2 Bf6 28. Rde1 Kg7 29. Kg1 Rh8 30. Kg2 Rh6 31. Re4 Qd7 32. Qe3 Rh8 33. f4 Rb8 34. Bc4 Qc7 35. Ra1 Ra8 36. Qe2 Rad8 37. Ra2 Qe7 38. Kh3 Qd7 39. Kg2 Qc7 40. Kh2 R8d7 41. Kh3 Qd8 42. Qf2 Be7 43. Qe2 Qh8 44. Rc2 Rd8 45. Ra2 Kf8 46. Qf2 Qf6 47. Re5 R6d7 48. Re3 Qf5+ 49. Kh2 Qf6 50. Qf3 Bxb4 51. cxb4 Rxd4 52. Bf1 Rxb4 53. Rd3 Rd5 54. Rxd5 exd5 55. Qa3 Qd4 56. Qd3 Qxd3 57. Bxd3 c5 58. Kg2 c4 59. Bc2 d4 60. Kf2 d3 61. Bd1 Rb1 62. Rd2 Rb5 63. Ra2 c3 64. Ra3 c2 65. Bxc2 dxc2 66. Rc3 Rb2 67. Ke3 Rb3 0-1